000 00395nam a22001697a 4500
999 _c7557
_d7557
003 GBCCL
005 20241126110631.0
008 180822b ||||| |||| 00| 0 eng d
040 _cgbc
082 _aVER 495
_bVUN
100 _aVungkhothang, T
_910352
245 _aTongzawi
260 _bAuthor,
_aLamka:
_c1999.
300 _a81p. ;
650 _aPaite
_vliterature
_913359
942 _2ddc
_cBK